Historia de límites entre las repúblicas de Panamá y Costa Rica

Wedi'i Gadw mewn:
Manylion Llyfryddiaeth
Prif Awdur: Rivera Forero, Franklin
Fformat: Texto
Cyhoeddwyd: Panamá: s. e.
Tagiau: Ychwanegu Tag
Dim Tagiau, Byddwch y cyntaf i dagio'r cofnod hwn!

MARC

LEADER 00000 a a2200000 04500
001 24812
003
040
090 |a 174800  
100 |a Rivera Forero, Franklin  
245 |a Historia de límites entre las repúblicas de Panamá y Costa Rica  
260 |a Panamá:   |b s. e.  
300 |a 139 p.  
999 |c 13094  |d 13094